Carregant...

രണ്ട് നാടകങ്ങൾ /

Dades bibliogràfiques
Autor principal: ആനന്ദ് , 1936-
Format: Printed Book
Idioma:Malayalam
Publicat: തിരുവനന്തപുരം : പ്രഭാത് ബുക്ക് ഹൗസ്, 1998.
Matèries:
LEADER 00833nam a2200181Ia 4500
008 111205s1998 ii 000 d mal d
041 |a mal 
082 |a 852.3A1 
100 0 |a ആനന്ദ് ,  |9 1579975  |d 1936- 
245 |a രണ്ട് നാടകങ്ങൾ /  |c ആനന്ദ്  
246 |a Randu Nadakangal 
260 |b പ്രഭാത് ബുക്ക് ഹൗസ്,   |a തിരുവനന്തപുരം :  |c 1998. 
300 |a 167 Pages 
653 |a Malayalam Drama 
942 |c BK 
999 |c 219426  |d 219426 
952 |0 0  |1 0  |2 ddc  |4 0  |6 852_000000000000000_3A1_RAN  |7 0  |9 242407  |a MAL  |b MAL  |c ST1  |d 1973-09-29  |g 70.00  |l 0  |o 852.3A1 RAN  |p MAL26219  |r 2011-12-05  |v 70.00  |w 2011-12-05  |y BK 
952 |0 0  |1 0  |2 ddc  |4 0  |6 852_000000000000000_3A1_RAN  |7 0  |9 242408  |a MAL  |b MAL  |c ST1  |d 2011-07-11  |l 0  |o 852.3A1 RAN  |p MAL32102  |r 2011-12-05  |w 2011-12-05  |y BK